ÇIRAK DEDEMİN BAKKALI (Record no. 986410)

MARC details
000 -LEADER
sabit uzunluktaki kontrol alanı 00243nam a2200097Ia 4500
001 - KONTROL NUMARASI
kontrol alanı 986410
005 - EN SON İŞLEMİN TARİH VE ZAMANI
kontrol alanı 20250826221100.0
008 - SABİT-UZUNLUKTA VERİ ÖĞELERİ--GENEL BİLGİ
sabit uzunluktaki kontrol alanı 250824s9999 xx 000 0 und d
245 #0 - ESER / YAZAR
ESER ADI ÇIRAK DEDEMİN BAKKALI
Yazar Adı ŞERMİN YAŞAR
260 ## - YAYIN, DAĞITIM, VB.
YAYIN EVİ TAZE KİTAP
Holdings
Düşüm durumu Kayıp durumu Hasar Durumu Ödünç verilmez Ana kütüphane Geçerli Kütüphane Edinilen tarih Toplam ödünç verme sayısı Barkod Son görüntüleme tarihi Son ödünç verme tarihi Fiyatın geçerli olmaya başladığı tarih Koha materyal türü
        BORSA İSTANBUL ORTAOKULU BORSA İSTANBUL ORTAOKULU 24.08.2025 10 10316276 26.03.2026 12.03.2026 26.08.2025 Books